| 000 | 00842nam a2200217Ia 4500 | ||
|---|---|---|---|
| 999 |
_c50971 _d50971 |
||
| 001 | 17928 | ||
| 003 | GE_BSU | ||
| 005 | 20200228152855.0 | ||
| 008 | 181216s2011 xx |||||||||||||| ||geo|| | ||
| 020 | _a9789941104350 | ||
| 040 | _cGE_BSU | ||
| 041 | _ageo | ||
| 080 | _a340.1+321.01 ი-69 | ||
| 100 |
_aინწკირველი, გივი. _91291 |
||
| 245 |
_aსახელმწიფოსა და სამართლის ზოგადი თეორია / _cგივი ინწკირველი. |
||
| 264 |
_aთბილისი : _bმერიდიანი, _c2011. |
||
| 300 |
_a234 გვ.; _c20 სმ. |
||
| 653 | _aსამართალი | ||
| 653 | _aსახელმწიფოსა და სამართლის ზოგადი თეორია | ||
| 942 |
_cBK _2udc |
||